书目信息 |
| 题名: |
青铜谣
|
|
| 作者: | 单永珍 著 | |
| 分册: | ||
| 出版信息: | 银川 宁夏人民教育出版社 2017 |
|
| 页数: | 203页 | |
| 开本: | 23cm | |
| 丛书名: | 文学固原丛书 | |
| 单 册: | ||
| 中图分类: | I227.6 | |
| 科图分类: | ||
| 主题词: | 散文诗--诗集--中国--当代 | |
| 电子资源: | ||
| ISBN: | 978-7-5544-1989-2 | |
| 000 | 00645oam2 2200229 450 | |
| 001 | 1904 | |
| 005 | 20180522152508.40 | |
| 010 | @a978-7-5544-1989-2@dCNY32.00 | |
| 100 | @a20171116d2017 em y0chiy50 ea | |
| 101 | 0 | @achi |
| 102 | @aCN@b640000 | |
| 105 | @ay z 000gy | |
| 200 | 1 | @a青铜谣@9qing tong yao@f单永珍著 |
| 210 | @a银川@c宁夏人民教育出版社@d2017 | |
| 215 | @a203页@d23cm | |
| 225 | 1 | @a文学固原丛书@h第二辑@f王正儒主编 |
| 461 | 0 | @12001 @a文学固原丛书 |
| 606 | 0 | @a散文诗@x诗集@y中国@z当代 |
| 690 | @aI227.6@v5 | |
| 701 | 0 | @c(回)@a单永珍@9shan yong zhen@4著 |
| 801 | 0 | @aCN@b91MARC@c20171116 |
| 905 | @aMuseLib@dI227.6@e521 | |
| 青铜谣/单永珍著.-银川:宁夏人民教育出版社,2017 |
| 203页;23cm.-(文学固原丛书.第二辑/王正儒主编) |
| ISBN 978-7-5544-1989-2:CNY32.00 |
| ● |
| 相关链接 |
|
|
|
|
正题名:青铜谣
索取号:I227.6/521
 
预约/预借
| 序号 | 登录号 | 条形码 | 馆藏地/架位号 | 状态 | 备注 |
| 1 | 1107159 | 211071597 | 第一样本阅览室/ [索取号:I227.6/521] | 在馆 | |
| 2 | 1107160 | 211071604 | 教育系资料室/ [索取号:I227.6/521] | 在馆 | |
| 3 | 1107161 | 211071613 | 教育系资料室/ [索取号:I227.6/521] | 在馆 | |
| 4 | 1107162 | 211071622 | 第二借阅区/ [索取号:I227.6/521] | 在馆 |